000 00235nam a2200109Ia 4500
008 151213s9999 xx 000 0 und d
245 _aThe Code of Civil Procedure
300 _a2108 p.
650 _aLaw
650 _aLaw
999 _c1555
_d1555